书目信息 |
| 题名: |
世界经济危机
|
|
| 作者: | ;尤·瓦尔加 主编 ;苏联科学院世界经济与世界政治研究所集体 编著 | |
| 分册: | ||
| 出版信息: | 北京 世界知识出版社 1958 |
|
| 页数: | 706页 | |
| 开本: | 26cm | |
| 丛书名: | 经济知识丛书 | |
| 单 册: | ||
| 中图分类: | F039 | |
| 科图分类: | ||
| 主题词: | ||
| 电子资源: | ||
| ISBN: | ||
| 000 | 01013nam2 2200265 45 | |
| 001 | 0189028166 | |
| 005 | 20060909151812.06 | |
| 010 | @dCNY4.40@b精装 | |
| 020 | @aCN@b89028166 | |
| 100 | @a19911017d1958 m y0chiy0120 ea | |
| 101 | 0 | @achi@crus |
| 102 | @aCN@b110000 | |
| 105 | @ay z 000yy | |
| 200 | 10 | @a世界经济危机@e1848-1935@Ashi jie jing ji wei ji@f苏联科学院世界经济与世界政治研究所集体编著@g(苏)尤·瓦尔加主编@G(su)you·wa er jia zhu bian@Fsu lian ke xue yuan shi jie jing ji yu shi jie zheng zhi yan jiu suo ji ti bian zhu |
| 210 | @a北京@c世界知识出版社@d1958 | |
| 215 | @a706页@d26cm | |
| 225 | 2 | @a经济知识丛书 |
| 410 | 0 | @120010@a经济知识丛书 |
| 517 | 1 | @a1848-1935 |
| 540 | 1 | @a世界 经济危机@Ashi jie jing ji wei ji |
| 690 | @aF039@v1980 | |
| 702 | 0 | @a尤·瓦尔加@Ayou·wa er jia@4主编 |
| 711 | 0 | @a苏联科学院世界经济与世界政治研究所集体@Asu lian ke xue yuan shi jie jing ji yu shi jie zheng zhi yan jiu suo ji ti@4编著 |
| 801 | 0 | @aCN@bTSSF@c20060909 |
| 905 | @a10447@dF039@e48 | |
| 世界经济危机:1848-1935/苏联科学院世界经济与世界政治研究所集体编著/(苏)尤·瓦尔加主编.-北京:世界知识出版社,1958 |
| 706页;26cm.-(经济知识丛书) |
| ISBN (精装):CNY4.40 |
| ● |
| 相关链接 |
|
|
|
|
正题名:世界经济危机
索取号:F039/48
 
预约/预借
| 序号 | 登录号 | 条形码 | 馆藏地/架位号 | 状态 | 备注 |
| 1 | 0471769 | 204717690 | 密集书库/ [索取号:F039/48] | 在馆 |